000 00470nam a2200193Ia 4500
008 101110s9999 xx 000 0 und d
041 _aENGLISH
082 _bSR21813
_a661
100 _aJoshi A.L.
245 _aChemical Reaction Engineering
365 _b40
520 _aChemistry
546 _aENGLISH
630 _aChemical Reaction Engineering
650 _aChemistry
655 _aChemistry
730 _aChemical Reaction Engineering
942 _cBOOK
999 _c814652
_d814649